| 000 | 00518nam a2200157 i 4500 | ||
|---|---|---|---|
| 001 | 51121 | ||
| 003 | ES-MaACL | ||
| 005 | 20230906162313.0 | ||
| 007 | t| | ||
| 008 | 030811s1972 sp ||||1| spa d | ||
| 245 | 0 | 0 |
_aCuentos populares africanos _b: en torno al fuego en las noches de Africa / _c[selección y traducción: Mariano Herranz]. |
| 260 |
_aMadrid ; _aMéxico : _bMundo negro, _c[1972] |
||
| 300 |
_a239 p. : _bil. ; _c20 cm. |
||
| 700 | 1 |
_aHerranz, Mariano. _963165 |
|
| 852 |
_aES-MaACL _jC-49333 _bR.84291 |
||
| 999 |
_c51121 _d51121 |
||